000 00557nam a22002177a 4500
003 UA-OsUOA
001 48153
007 ta
008 20070830b un ||||| |||| 00| 0 ukr d
090 _a82,09
_bШ37
942 _cBK
040 _aUA-OsUOA
_bukr
_cUA-OsUOA
_dUA-OsUOA
245 _aШевченко в краю Франка
300 _a73 с.
955 _a2
041 _aukr
080 _a82,09
260 _aДрогобич
_bКОЛО
_c2003
650 7 _a82 Література. Літературознавство
_2UDC
999 _c334266
_d334266